[Event "MAS-ch Challengers"]
[Site "Pontian"]
[Date "2024.04.21"]
[Round "1"]
[White "Helmy, Muhammad Adnin Nuay"]
[Black "Hissaruddin, Nur Aira Amani"]
[Result "1-0"]
[WhiteElo "1717"]
[BlackElo "1444"]
[PlyCount "83"]
[EventDate "2024.04.21"]
[EventType "swiss"]
[EventRounds "9"]
[EventCountry "MAS"]
[SourceTitle "EXT 2025"]
[Source "ChessBase"]
[SourceDate "2024.10.14"]
[SourceVersion "1"]
[SourceVersionDate "2024.10.14"]
[SourceQuality "1"]

1. Nf3 Nf6 2. c4 d6 3. g3 g6 4. Bg2 Bg7 5. 0-0 0-0 6. Nc3 Nbd7 7. d3 b6 8. Nd4 d5 9. Nc6 Qe8 10. Nxd5 Nxd5 11. Bxd5 Bb7 12. Nxe7+ Qxe7 13. Bxb7 Rab8 14. Bg2 Rfe8 15. Re1 Nc5 16. Rb1 Rbd8 17. Be3 Nd7 18. Qa4 a5 19. a3 Nc5 20. Qc2 Qd6 21. b4 axb4 22. axb4 Na6 23. c5 bxc5 24. bxc5 Qe7 25. Qc4 Nb8 26. Rb7 Be5 27. d4 Bf6 28. d5 Qf8 29. Rxc7 Rd7 30. Rxd7 Nxd7 31. c6 Ne5 32. Qc2 Qd6 33. Bc5 Qc7 34. Rb1 Rb8 35. Rxb8+ Qxb8 36. Bd6 Qc8 37. c7 Nd7 38. Bh3 Kg7 39. Qc6 h5 40. Bxd7 Qh8 41. c8Q Qh7 42. Qf8# 1-0